000 00426nam a22001697a 4500
005 20180321122016.0
008 160613b xxu||||| |||| 00| 0 eng d
020 _a978-81-259-2347-3
041 _aeng
082 _b7266
_a338.5024658
100 _aDwivedi, D.N.
_9314
245 _aManagerial Economics
260 _aNew Delhi
_bVikas Publishing House (P) Ltd.
300 _a695
650 _aManagement
_9241
942 _cBK
999 _c2531
_d2530